Pays asiatiques- mort subite - Statistiques

Statistiques générales
  • Ce quiz a été pris 558 fois
  • Le résultat moyen est 8 sur 13
Answers on the Grid
Answers color-coded by a green-red scale on the quiz's grid according to % correct below.
Bahreïn
Brunei
Burundi
Cambodge
Chypre
Comores
Eswatini
Georgie
Grenade
Gibraltar
Kiribati
Kosovo
Koweit
Liechtenstein
Malawi
Maldives
Oman
Philippines
Russie
Saint marin
Saint martin
Saint Vincent et les grenadines
Seychelles
Singapour
Suriname
Taiwan
Timor oriental
Trinité et tobago
Vanuatu
Yemen
 
Statistiques - réponses
Réponse % Correct
Cambodge
89%
Bahreïn
79%
Brunei
75%
Philippines
72%
Koweit
69%
Oman
62%
Georgie
58%
Maldives
57%
Singapour
54%
Taiwan
54%
Chypre
51%
Yemen
43%
Timor oriental
38%
Aucun quiz correspondant
Distribution des résultats
% des personnes avec chaque résultat
Percentile par nombre de réponses
Votre historique - résultats
Vous n’avez pas pris ce quiz